Синтез, структура и цитотоксичность арен-рутениевых комплексов с производными имидазола; Химия и химическая технология в XXI веке; Т. 1

Détails bibliographiques
Parent link:Химия и химическая технология в XXI веке: материалы XXII Международной научно-практической конференции студентов и молодых ученых имени выдающихся химиков Л. П. Кулёва и Н. М. Кижнера, посвященной 125-летию со дня основания Томского политехнического университета, Томск, 17-20 мая 2021 г./ Национальный исследовательский Томский политехнический университет (ТПУ) ; Инженерная школа природных ресурсов ; Исследовательская школа химических и биомедицинских технологий.— , 2021
Т. 1.— 2021.— [С. 210-211]
Auteur principal: Матвеевская В. В.
Collectivité auteur: Национальный исследовательский Томский политехнический университет
Autres auteurs: Потапов А. С. Андрей Сергеевич (научный руководитель)
Résumé:Заглавие с титульного экрана
Langue:russe
Publié: 2021
Collection:Химия и химическая технология органических веществ и материалов
Sujets:
Accès en ligne:http://earchive.tpu.ru/handle/11683/66206
Format: Électronique Chapitre de livre
KOHA link:https://koha.lib.tpu.ru/cgi-bin/koha/opac-detail.pl?biblionumber=632831

MARC

LEADER 00000naa2a2200000 4500
001 632831
005 20231102024626.0
035 |a (RuTPU)RU\TPU\conf\34553 
035 |a RU\TPU\conf\34552 
090 |a 632831 
100 |a 20210521d2021 k y0rusy50 ca 
101 0 |a rus 
102 |a RU 
105 |a y z 101zy 
135 |a drgn ---uucaa 
181 0 |a i  
182 0 |a b 
200 1 |a Синтез, структура и цитотоксичность арен-рутениевых комплексов с производными имидазола  |f В. В. Матвеевская, А. С. Потапов  |g науч. рук. А. С. Потапов 
203 |a Текст  |c электронный 
225 1 |a Химия и химическая технология органических веществ и материалов 
230 |a 1 компьютерный файл (pdf; 1 573 Kb) 
300 |a Заглавие с титульного экрана 
320 |a [Библиогр.: с. 211 (3 назв.)] 
461 1 |0 (RuTPU)RU\TPU\conf\34506  |t Химия и химическая технология в XXI веке  |o материалы XXII Международной научно-практической конференции студентов и молодых ученых имени выдающихся химиков Л. П. Кулёва и Н. М. Кижнера, посвященной 125-летию со дня основания Томского политехнического университета, Томск, 17-20 мая 2021 г.  |o в 2 т.  |f Национальный исследовательский Томский политехнический университет (ТПУ) ; Инженерная школа природных ресурсов ; Исследовательская школа химических и биомедицинских технологий  |d 2021 
463 1 |0 (RuTPU)RU\TPU\conf\34507  |t Т. 1  |v [С. 210-211]  |d 2021 
610 1 |a труды учёных ТПУ 
610 1 |a электронный ресурс 
610 1 |a синтез 
610 1 |a структура 
610 1 |a цитотоксичность 
610 1 |a имидазолы 
610 1 |a координационные соединения 
610 1 |a рутений 
610 1 |a каталитические свойства 
610 1 |a биологические свойства 
610 1 |a противоопухолевые свойства 
700 1 |a Матвеевская  |b В. В. 
701 1 |a Потапов  |b А. С.  |c химик  |c профессор Томского политехнического университета, доктор химических наук  |f 1981-  |g Андрей Сергеевич  |2 stltpush  |3 (RuTPU)RU\TPU\pers\33902 
702 1 |a Потапов  |b А. С.  |c химик  |c профессор Томского политехнического университета, доктор химических наук  |f 1981-  |g Андрей Сергеевич  |2 stltpush  |4 727 
712 0 2 |a Национальный исследовательский Томский политехнический университет  |c (2009- )  |2 stltpush  |3 (RuTPU)RU\TPU\col\15902  |9 26305 
801 2 |a RU  |b 63413507  |c 20210531  |g RCR 
856 4 |u http://earchive.tpu.ru/handle/11683/66206 
942 |c BK